Noms originaux des habitants du village d'Astérix n°2 - Statistiques

Statistiques générales
  • Ce quiz a été pris 136 fois
  • Le résultat moyen est 9 sur 12
Statistiques - réponses
Noms allemands Noms français % Correct
Asterix Astérix
100%
Idefix Idéfix
98%
Obelix Obélix
98%
Falbala Falbala
88%
Miraculix Panoramix
88%
Troubadix Assurancetourix
79%
Gutemine Bonemine
76%
Majestix Abraracourcix
71%
Automatix Cétautomatix
62%
Methusalix Agecanonix
50%
Yellosubmarine Iélosubmarine
35%
Verleihnix Ordralfabétix
35%
Aucun quiz correspondant
Distribution des résultats
% des personnes avec chaque résultat
Percentile par nombre de réponses
Votre historique - résultats
Vous n’avez pas pris ce quiz